LEADER 01012nam a2200217 u 4500 001 000000089437 003 CaOOAMICUS 005 20070226124621.0 008 051121n it u000 u ita u 035 $a11069689 040 $aPUL(R)$bita 100 1 $aModugno, Giovanni,$d1880-1957.$0(OLS)http://pul/name/5454 245 12$aL'educazione religiosa e morale nella scuola elementare :$b(per maestri, genitori, insegnanti di religione) /$cGiovanni Modugno. 260 $aBrescia :$bLa Scuola,$c[s.d.] 300 $a335 p. ;$c19 cm 650 4$aGiovani ed educazione religiosa.$0(OLS)http://pul/subject/28132 850 $aPUL 852 $aPUL$W1$xDP1 Fondo Pastorale$y55$mP10 C 19$j113071$nBK-PRI$b $qFondi$B113071$CPULBib$Z2$F113071 $HPUL240 $81 941 1 $a1 996 $6245$aL'educazione religiosa e morale nella scuola elementare :$b(per maestri, genitori, insegnanti di religione)$9(OLS)http://pul/title/115500 996 $6260$aBrescia :$bLa Scuola$9(OLS)http://pul/publisher/48404 LEADER 01226nam a2200301 u 4500 001 000000063111 003 CaOOAMICUS 005 20070226121216.0 008 011018s1994 au u000 u ger u 020 $a3850683834 035 $a10906972 040 $aPUL$bita 245 04$aDie letzen Dinge /$cFranz Breid Hrsg. im Auftrag des Linzer Priesterkreises. 250 $a2. Aufl. 260 $aSteyr :$bW. Ennsthaler,$c1994. 300 $a271 p. ;$c21 cm 500 $a"Referate der Internationalen Theologischen Sommerakademie 1992", des Linzer Priesterkreises in Aigen/M". 504 $aBibliografia in nota. 650 4$aMorte$xAspetti religiosi.$0(OLS)http://pul/subject/4358 650 4$aResurrezione.$0(OLS)http://pul/subject/733 700 1 $aBreid, Franz.$0(OLS)http://pul/name/31051 850 $aPUL 852 $aPUL$W1$xDP2 Religione 3$y114$m230 ITS 1.2$j175959$nBK-PRI$b $qDDC 21$B81939$CPULBib$Z2$F81939 $H85335 $81 941 1 $a9 961 $aPrecedente collocazione: Fil 147 996 $6020$a3850683834$9(OLS)http://pul/number/81907 996 $6245$aDie letzen Dinge$9(OLS)http://pul/title/84172 996 $6260$aSteyr :$bW. Ennsthaler$9(OLS)http://pul/publisher/70521